Military history for the staff college entrance examination/ (Record no. 551575)
[ view plain ]
| 000 -LEADER | |
|---|---|
| fixed length control field | 00454nam a22001457a 4500 |
| 082 ## - DEWEY DECIMAL CLASSIFICATION NUMBER | |
| Classification number | 355.1 |
| Author Mark | SHE |
| -- | L-20, P-24 |
| 100 ## - MAIN ENTRY--PERSONAL NAME | |
| Personal name | Sheppard, Captain E.W |
| 9 (RLIN) | 48720 |
| 245 ## - TITLE STATEMENT | |
| Title | Military history for the staff college entrance examination/ |
| 260 ## - PUBLICATION, DISTRIBUTION, ETC. | |
| Place of publication, distribution, etc. | London: |
| Name of publisher, distributor, etc. | Gale & Polden Ltd, |
| Date of publication, distribution, etc. | c1932 |
| 300 ## - PHYSICAL DESCRIPTION | |
| Extent | x, 121p, |
| Other physical details | ill,; |
| Dimensions | 22cm |
| 526 ## - STUDY PROGRAM INFORMATION NOTE | |
| Program name | 0 |
| Interest level | 0 |
| Reading level | 0 |
| Title point value | 355_009000000000000_SHE |
| 526 ## - STUDY PROGRAM INFORMATION NOTE | |
| Program name | 0 |
| Interest level | 0 |
| Reading level | 0 |
| Title point value | 355_100000000000000_SHE |
| 650 ## - SUBJECT ADDED ENTRY--TOPICAL TERM | |
| Topical term or geographic name entry element | MCE |
| 9 (RLIN) | 379 |
| 942 ## - ADDED ENTRY ELEMENTS (KOHA) | |
| Source of classification or shelving scheme | |
| Koha item type | Book |
| Withdrawn status | Lost status | Source of classification or shelving scheme | Damaged status | Not for loan | Permanent Location | Current Location | Shelving location | Date acquired | Total Checkouts | Full call number | Barcode | Date last seen | Price effective from | Koha item type |
|---|---|---|---|---|---|---|---|---|---|---|---|---|---|---|
| Military College of Engineering (MCE) | Military College of Engineering (MCE) | 01/14/2015 | 355.009 SHE | MCE-ECM/153 | 01/14/2015 | 03/14/2021 | Book | |||||||
| Military College of Engineering (MCE) | Military College of Engineering (MCE) | 12/18/2014 | 355.1 SHE | MCE-40052 | 12/18/2014 | 12/18/2014 | Book |
